000 00543nam a2200157 a 4500
008 120416s1973 ||||||||||||||||| || u
050 _aHF 5438 Tho
100 _aThompson, Joseph W
245 1 0 _aSelling: a managerial and behavioural analysis. (2nd ed.)
250 _a2nd ed.
260 _aNew York
_bMcGraw-Hill
_c1973
300 _axi, 581p.
350 _a0.00
650 0 _aSELLING
995 _D0.00
_FCBU-MAIN LIBRARY (Kitwe)
_H1
_I0.00
_UAVAILABLE
_ZMain Library Open Access Collection
999 _c57287
_d57287